Análisis cuantitativo para los negocios (Registro nro. 13)

Detalles MARC
000 -LEADER
fixed length control field 01475 a2200277 4500
001 - CONTROL NUMBER
control field 16
005 - DATE AND TIME OF LATEST TRANSACTION
control field 20260407155402.0
008 - FIXED-LENGTH DATA ELEMENTS--GENERAL INFORMATION
fixed length control field 260407a2000 arg spa d
003 - CONTROL NUMBER IDENTIFIER
control field AR-UNSa-BCEJYS
040 ## - CATALOGING SOURCE
Original cataloging agency AR-UNSa-BCEJYS
Language of cataloging spa
Transcribing agency AR-UNSa-BCEJYS
080 ## - UNIVERSAL DECIMAL CLASSIFICATION NUMBER
Universal Decimal Classification number 519.87
Common auxiliary subdivision Modelos matemáticos para la investigación operativa
020 ## - INTERNATIONAL STANDARD BOOK NUMBER
International Standard Book Number 958-41-0038-6
041 ## - LANGUAGE CODE
Language code of text/sound track or separate title spa
100 1# - MAIN ENTRY--PERSONAL NAME
Personal name Bonini, Charles E.
245 10 - TITLE STATEMENT
Title Análisis cuantitativo para los negocios
250 ## - EDITION STATEMENT
Edition statement 9a. ed
264 #1 - PRODUCTION, PUBLICATION, DISTRIBUTION, MANUFACTURE, AND COPYRIGHT NOTICE
Place of production, publication, distribution, manufacture Bogotá :
Name of producer, publisher, distributor, manufacturer McGraw-Hill
Date of production, publication, distribution, manufacture, or copyright notice 2000
300 ## - PHYSICAL DESCRIPTION
Extent xii, 530 p.
Dimensions 27 cm.
505 ## - FORMATTED CONTENTS NOTE
Formatted contents note 1. Introducción al análisis y construcción de modelos - 2. Introducción a la programación lineal - 3. Solución de problemas de programación lineal - 4. Temas especiales de programación matemática - 5. Introducción a probabilidades - 6. Toma de decisiones bajo incertidumbre - 7. Decisión y análisis de riesgo - 8. Control y gerencia de inventarios - 9. Teoría de las colas: congestión en sistemas de procesamiento - 10. Simulación - 11. PERT: Program Evaluation and Review Technique O. Técnica de evaluación y revisión de programas - 12. Pronósticos
590 ## - LOCAL NOTE (RLIN)
Local note niveau_biblio:m niveau_hierar:0
700 1# - ADDED ENTRY--PERSONAL NAME
Personal name Hausman, Warren H.
700 1# - ADDED ENTRY--PERSONAL NAME
Personal name Avila de Barón, Cecilia
700 1# - ADDED ENTRY--PERSONAL NAME
Personal name Bierman, Harold
856 41 - ELECTRONIC LOCATION AND ACCESS
Uniform Resource Identifier <a href="https://biblioeco.unsa.edu.ar/pmb/images/libros/An?lisis cuantitativo para los negocios Bonini Charles E. (2000).jpg">https://biblioeco.unsa.edu.ar/pmb/images/libros/An?lisis cuantitativo para los negocios Bonini Charles E. (2000).jpg</a>
Link text Imagen de portada
Electronic format type image/jpeg
942 ## - ADDED ENTRY ELEMENTS (KOHA)
Koha item type
Existencias
Withdrawn status Lost status Damaged status Not for loan Home library Current library Shelving location Date acquired Total checkouts Full call number Barcode Date last seen Price effective from Koha item type
        Biblioteca Prof. Eusebio Cleto del Rey Biblioteca Prof. Eusebio Cleto del Rey   07/04/2026   519.87 B715 9ed. L86551 07/04/2026 07/04/2026 Libro
        Biblioteca Prof. Eusebio Cleto del Rey Biblioteca Prof. Eusebio Cleto del Rey   07/04/2026   519.87 B715 9ed. L86552 07/04/2026 07/04/2026 Libro
        Biblioteca Prof. Eusebio Cleto del Rey Biblioteca Prof. Eusebio Cleto del Rey   07/04/2026   519.87 B715 9ed. L86553 07/04/2026 07/04/2026 Libro
        Biblioteca Prof. Eusebio Cleto del Rey Biblioteca Prof. Eusebio Cleto del Rey   07/04/2026   519.87 B715 9ed. L116673 07/04/2026 07/04/2026 Libro
        Biblioteca Prof. Eusebio Cleto del Rey Biblioteca Prof. Eusebio Cleto del Rey   07/04/2026   519.87 B715 9ed. L116674 07/04/2026 07/04/2026 Libro
        Biblioteca Prof. Eusebio Cleto del Rey Biblioteca Prof. Eusebio Cleto del Rey   07/04/2026   519.87 B715 9ed. L116675 07/04/2026 07/04/2026 Libro
        Biblioteca Prof. Eusebio Cleto del Rey Biblioteca Prof. Eusebio Cleto del Rey   07/04/2026   519.87 B715 9ed. L116676 07/04/2026 07/04/2026 Libro
        Biblioteca Prof. Eusebio Cleto del Rey Biblioteca Prof. Eusebio Cleto del Rey   07/04/2026   519.87 B715 9ed. L116677 07/04/2026 07/04/2026 Libro